000 01210naa a22003377a 4500
001 BR8803076
003 BR-BrBNA
005 20240918180114.0
007 ta
008 230509b bl.||||| |||| 00| 0 por d
040 _aBR-BrBNA
_bpor
_cBiblioteca Nacional de Agricultura
041 _a(Pt)
072 _aQ03
_b9610
_b9705
090 _aQ03 BR8803076
100 1 _aRauber, B.N.
100 1 _aRossoni, E.M.
100 1 _aHenninger, M.R.
111 1 _a10. Encontro Nacional de Analistas de Residuos de Pesticidas
_cSao Paulo, SP (Brazil)
_d26-28 May 1986
245 1 _aDeterminacao de residuos de Dieldrin em ovos e aves por cromatografia gasosa
260 3 _aSao Paulo, SP (Brasil):
_c1986.
500 _aRelatorio 10. Encontro Nacional de Analistas de Residuos de Pesticidas Sao Paulo, SP (Brasil): 1986. p. 157-162 (BR8803076-AM)Q03
650 _aOVO
650 _aCARNE
650 _aGALINHA
650 _aHIGIENE DE ALIMENTO
650 _aCROMATOGRAFIA
650 _aRESIDUO
773 0 _tRelatorio 10. Encontro Nacional de Analistas de Residuos de Pesticidas
_wQ03 BR8803076
_gSao Paulo, SP (Brasil), 1986. p. 157-162
909 _a202404
_bLucia
_c55
_dLucia Elande
942 _cAM
_2AGRIS
999 _c319256
_d319256